| 000 | 00706nam a22002297a 4500 | ||
|---|---|---|---|
| 005 | 20170124105943.0 | ||
| 010 | _a794313 | ||
| 020 | _c00.00 | ||
| 035 | _a794313 | ||
| 037 | _bCen Lib/Ret | ||
| 040 |
_aDPL _bEN |
||
| 082 |
_a235 _bBHA |
||
| 100 |
_aBhattacharyya,Narendra Nath _92311 |
||
| 245 |
_aHistory of the sakta religion / _cby Narendra Nath Bhattacharyya |
||
| 260 |
_aNew Delhi _bMunshiram Manoharlal publishers _c1974 |
||
| 270 |
_a54,Rani Jhansi road _bNew Delhi _e110055 |
||
| 300 |
_axiii,188p. _c21cm(Hb) |
||
| 500 | _aincludes bibliographical reference and index | ||
| 650 |
_aShaktism _911713 |
||
| 650 |
_aHindu riligion _911714 |
||
| 942 |
_2ddc _cEN _h235 _mBHA |
||
| 999 |
_c124716 _d124716 |
||